Normal view MARC view
  • Zoque

Entry Materia

Number of records used in: 9

001 - NÚMERO DE CONTROL DEL REGISTRO

  • campo de control: 50178

003 - IDENTIFICADOR DE NUMERO DE CONTROL

  • campo de control: MX-MxUPN

005 - FECHA Y HORA DE LA ÚLTIMA TRANSACCIÓN

  • campo de control: 20231006161924.0

008 - DATOS DE LONGITUD FIJA

  • campo de control de longitud fija: 231006|| acn||babn | a|a d

040 ## - FUENTE DE LA CATALOGACIÓN

  • Centro catalogador de origen: MX-MxUPN
  • Lengua de catalogación: spa
  • Agencia de transcripción: MX-MxUPN

150 ## - ENCABEZAMIENTO - TEMÁTICO

  • Término de materia o nombre geográfico como elemento inicial: Zoque
  • Subdivisión de materia general: Estudio y enseñanza (Elemental)

670 ## - FUENTE EN LA QUE SE LOCALIZARON DATOS

  • Cita de la fuente: Autoridades BGTQ, 6 octubre 2023:
  • Información localizada: (Zoque) subdivisión general (Estudio y enseñanza (Elemental))

902 ## - CATALOGADOR

  • Catalogador: Víctor Ruiz/061023